000 00504nam a2200169Ia 4500
008 090201s9999 xx 000 0 und d
010 _aKPL-65139
040 _bमराठी
041 _aमराठी
082 _a4637
_b65139
100 _aआनंद यादव
245 _aउगवती मने
_cआनंद यादव
260 _c2004
_bमेहता पब्लिशिंग
300 _a155
_bमोठा
600 _aउगवती मने
942 _cBOOK
999 _c205658
_d205658